000 00352nam a2200133Ia 4500
008 100328s9999 xx 000 0 und d
082 _b60246
100 _aकर्णिक संया.
245 _aनिरंतर.
260 _bगं्रथाली.
630 _aनिरंतर.
730 _aनिरंतर.
942 _cBOOK
999 _c546408
_d546405